000
00294nam a22001337a 4500
008
181008b xxu||||| |||| 00| 0 eng d
020
_a
9780538856300
041
_a
eng
080
_a
330.722.6
100
_a
62
101
_a
KMNG
245
_a
Management Accounting
_c
Hansen
942
_2
udc
_c
BK
999
_c
49085
_d
49085